| 000 | 00980nam a22002897a 4500 | ||
|---|---|---|---|
| 003 | DO-SdBNP | ||
| 005 | 20211104111422.0 | ||
| 007 | ta | ||
| 008 | 211104b2007 a|o|d |||| 001 0 spa d | ||
| 020 | _a9945170163 | ||
| 040 |
_aDO-SdBNP _bspa _cBNPHU |
||
| 082 | 4 |
_222 _a372.84 _bR426f |
|
| 110 |
_aRepública Dominicana. Secretaría de Estado de Educación _9607 |
||
| 245 | 1 | 0 |
_aFormación integral humana y religiosa : _beducación básica ; 7mo. grado / _cSecretaría de Estado de Educación |
| 260 |
_aSanto Domingo : _bSM. _c2007. |
||
| 300 |
_a128 p. : _bil. ; fot. _c27 cm |
||
| 500 | _aLibro de texto de educación básica. | ||
| 500 | _aGestión educativa 2004-2008. | ||
| 590 | _aInventariado, 2021 / SA | ||
| 650 | 4 |
_aFormación integral _980487 |
|
| 650 | 4 |
_aFrmación _vHumana _xReligiosa _980488 |
|
| 700 | 1 |
_973200 _aCortés, Javier |
|
| 700 | 1 |
_973201 _aForcada, Samuel |
|
| 700 | 1 |
_973202 _aArnaiz, Juan Eduardo |
|
| 910 | _aSaquino | ||
| 942 |
_2ddc _cLBS1 |
||
| 999 |
_c50871 _d50871 |
||